A history of the Crusades / (Record no. 24740)
[ view plain ]
| 000 -LEADER | |
|---|---|
| fixed length control field | 01027cam a22002651 4500 |
| 001 - CONTROL NUMBER | |
| control field | 24740 |
| 003 - CONTROL NUMBER IDENTIFIER | |
| rucl marc code | BD-RjUL |
| 005 - DATE AND TIME OF LATEST TRANSACTION | |
| control field | 20211209001107.0 |
| 008 - FIXED-LENGTH DATA ELEMENTS--GENERAL INFORMATION | |
| fixed length control field | 140315s1954 enkabcj b 001 0 eng d |
| 035 ## - SYSTEM CONTROL NUMBER | |
| System control number | (BD-RjUL)24809 |
| System control number | (OCoLC)1284066 |
| 040 ## - CATALOGING SOURCE | |
| Original cataloging agency | DLC |
| Transcribing agency | OClU |
| Modifying agency | OCoLC |
| -- | Uk |
| -- | DLC |
| -- | BD-RjUL |
| Language of cataloging | eng |
| 041 ## - LANGUAGE CODE | |
| Language code of text/sound track or separate title | eng |
| 082 00 - DEWEY DECIMAL CLASSIFICATION NUMBER | |
| Classification number | 940.18 |
| Author mark and year | RUH V-3 1954 |
| 100 1# - MAIN ENTRY--PERSONAL NAME | |
| Personal name | Runciman, Steven, |
| Dates associated with a name | 1903-2000. |
| 9 (RLIN) | 76060 |
| 245 12 - TITLE STATEMENT | |
| Title | A history of the Crusades / |
| Statement of responsibility, etc. | Steven Runciman, |
| Number of part/section of a work | Volume III : |
| Name of part/section of a work | The Kingdom of Acre and the Later Crusades |
| 260 ## - PUBLICATION, DISTRIBUTION, ETC. (IMPRINT) | |
| Place of publication, distribution, etc. | Cambridge : |
| Name of publisher, distributor, etc. | University Press, |
| Date of publication, distribution, etc. | 1954. |
| 300 ## - PHYSICAL DESCRIPTION | |
| Pagination | xi,530p. : |
| Illustrations | illus., ports., maps, fold. geneal. table. ; |
| Size | 22 cm. |
| 504 ## - BIBLIOGRAPHY, ETC. NOTE | |
| Bibliography, etc | Includes bibliographies. and Index |
| 505 0# - FORMATTED CONTENTS NOTE | |
| Formatted contents note | v. 1. The First Crusade and the foundation of the Kingdom of Jerusalem.--v. 2 The kingdom of Jerusalem and the Frankish East, 1100-1187.--v. 3. The Kingdom of Acre, and the later Crusades. |
| 650 #0 - SUBJECT ADDED ENTRY--TOPICAL TERM | |
| Topical term or geographic name as entry element | Crusades. |
| 9 (RLIN) | 76161 |
| 942 ## - ADDED ENTRY ELEMENTS (KOHA) | |
| Source of classification or shelving scheme | Dewey Decimal Classification |
| Koha item type | Books |
| Lost status | Source of classification or shelving scheme | Damaged status | Not for loan | Collection code | Permanent Location | Current Location | Shelving location | Date acquired | Source of acquisition | Cost, normal purchase price | Total Checkouts | Full call number | Date last seen | Copy number | Koha item type |
|---|---|---|---|---|---|---|---|---|---|---|---|---|---|---|---|
| Dewey Decimal Classification | Added to bundle | Non-fiction | Central Library, University of Rajshahi | Central Library, University of Rajshahi | Reading Room | 07/09/1955 | B. H. Black Well | 15.00 | 940.18 RUH V-3 1954 | 15/03/2014 | C-1 | Books | |||
| Dewey Decimal Classification | Non-fiction | Central Library, University of Rajshahi | Central Library, University of Rajshahi | 13/01/1965 | book centre dacca | 33.50 | 940.18 RUH V-3 1954 | 16/03/2014 | C-9 | Books | |||||
| Dewey Decimal Classification | Non-fiction | Central Library, University of Rajshahi | Central Library, University of Rajshahi | 10/06/1956 | simpkin marshall | 1.15 | 940.18 RUH V-3 1955 | 24/03/2014 | C-2 | Books |